Générique Miraculous - Paroles - Statistiques

Statistiques générales
  • Ce quiz a été pris 4 546 fois
  • Le résultat moyen est 9 sur 10
Statistiques - réponses
Paroles % Correct
Je m'appelle {Marinette}
98%
Une fille comme {les} {autres}
97%
Je deviens {Miraculous} {Ladybug} !
95%
Mais quand le {destin} me choisit
93%
Pour lutter contre les {forces} {du} {Mal}
92%
Une Ladybug, porte-{bonheur}
91%
Être héroïque en cas {d}'{urgence}
86%
Une Ladybug, Lady du {coeur}
86%
Lady magique et Lady {chance}
85%
{Miraculous}
85%
Aucun quiz correspondant
Distribution des résultats
% des personnes avec chaque résultat
Percentile par nombre de réponses
Votre historique - résultats
Vous n’avez pas pris ce quiz